• 首页
  • 本馆介绍
  • 公告通知
  • 最新文献
  • 馆藏检索
  • 电子资源
  • 读者导购
  • 参考咨询
  • 我的图书馆
  • 登录
  • 详细信息显示
  • 放入我的书架
  • 预约/预借图书
  • 作者相关作品
  • 分类相关作品
  • 丛书相关作品
  • 出版社相关作品

书目信息

  • 表格格式
  • 工作单格式
  • 卡片格式
书名: Republic on trial
作者: Alan Rosenthal ... [et al.].
分册号:
分册名:
出版地: Washington, D.C. :
 
出版社: CQ Press
出版时间: c2003.
页数: xiv, 226 p. :
开本: 23 cm.
丛书名:
中图分类号:
科图分类号:
其他分类号: D93
主题词:
电子资源:
000 01453cam a22003374a 450
001 E0734388314
005 20070512094711.40
008 020523s2003 dcuab b 001 0 eng
010    @a2002008193
020    @a1568026528 (alk. paper).
040    @aDLC@cDLC@dDLC
042    @apcc
043    @an-us---
050 00 @aJK1726@b.R73 2003
082 00 @a320.973@2 21
090    @aD93
099    @dD93@ex108
245 00 @aRepublic on trial :@bthe case for representative democracy / @cAlan Rosenthal ... [et al.].
260    @aWashington, D.C. :@bCQ Press,@cc2003.
300    @axiv, 226 p. :@bill., maps ;@c23 cm.
504    @aIncludes bibliographical references and index.
650  0 @aRepresentative government and representation@zUnited States.
650  0 @aLegislators@zUnited States.
650  0 @aDemocracy@zUnited States.
650  0 @aPublic opinion@zUnited States.
650  0 @aPolitical participation@zUnited States.
651  0 @aUnited States@xPolitics and government@xPublic opinion.
700 1  @aRosenthal, Alan,@d1932-
906    @a7@bcbc@corignew@d1@eecip@f20@gy-gencatlg
925 0  @aacquire@b2 shelf copies@xpolicy default
955    @asd21 2002-05-23@csd21 2002-05-23 to subj.;@dsd39 2002-05-29 to SL@esd47 2002-05-31 to Dewey@aaa19 2002-05-31; sd21 2002-06-26 to Dewey@aps06 2002-11-08 bk rec’d, to CIP ver.@asb00 2002-11-14;@fsb13 CIP ver. 11-19-2002@gsb01 2002-11-29 to BCCD;@aCopy 2 to BCCD sp55 2003-01-21
    
    Republic on trial : : the case for representative democracy / / Alan Rosenthal ... [et al.].-Washington, D.C. : : CQ Press, , c2003.
    xiv, 226 p. : : ill., maps ; ; 23 cm.
    Includes bibliographical references and index.
    
    ISBN 1568026528 (alk. paper).
    
●
相关链接 在E读中查询图书 在五车中查询图书 在当当中查询图书 在豆瓣中查询图书


正题名:Republic on trial     索取号:D93/x108         预约/预借

序号 登录号 条形码 馆藏地/架位号 状态 备注
1 0008376   300083763   第二样本阅览室/ [索取号:D93/x108] 在馆    
唐山师范学院图书馆 欢迎您!
大连网信软件有限公司© 版权所有